000 006260000a22001930004500
001 768714001
003 CO-MdFUSB
005 20170420163439.0
008 170420s2002 cr ||||| |||| 00| 0 spa d
040 _aCO-MdFUSB
_bspa
_cCO-MdFUSB
_dCO-MdFUSB
041 _aspa
100 1 _aMora, Alfredo
_eautor
245 1 0 _a¿Debe preocuparnos el trabajo infantil?
300 _aVolumen 4, número 14, (2002), Página 2
_c27 cm.
546 _aTexto en español
650 1 4 _aTRABAJO SOCIAL CON NIÑOS
773 0 _tAlcanzando a los Niños en Riesgo
_049458
_960582
_gVolumen 4, número 14, (2002), Página 2
_qPágina 2
942 _cANA
999 _c49605
_d49605